Garfield & Friends Theme Song (Seasons 1 & 2) Quiz Stats

Quiz not verified by Sporcle

Challenge
Share
Tweet
Embed
Score 0/133 Timer 08:00
0 Plays Today
% Correct
a
91.2%
a
91.2%
a
91.2%
a
91.2%
a
91.2%
and
85.3%
Garfield
85.3%
and
85.3%
to
85.3%
to
85.3%
to
85.3%
the
85.3%
to
85.3%
to
85.3%
the
85.3%
to...
85.3%
to
85.3%
the
85.3%
to
85.3%
the
85.3%
the
85.3%
Friends.
82.4%
Friends
82.4%
you
82.4%
you
82.4%
Friends
82.4%
you
82.4%
you
82.4%
you
82.4%
Friends
82.4%
you
82.4%
you
82.4%
friends
82.4%
you
82.4%
Friends
82.4%
you
82.4%
you
82.4%
friends
82.4%
friends
82.4%
you.
82.4%
there...
79.4%
there...
79.4%
there
79.4%
there
79.4%
there
79.4%
% Correct
there.
79.4%
are
76.5%
are
76.5%
for
76.5%
are
76.5%
are
76.5%
are
76.5%
For
76.5%
are
76.5%
for
76.5%
your
73.5%
your
73.5%
your
73.5%
your
73.5%
I
73.5%
Ladies
70.6%
gentlemen,
67.6%
help
67.6%
on
67.6%
on
67.6%
Help
67.6%
on
67.6%
on
67.6%
get
64.7%
get
64.7%
started,
61.8%
give
61.8%
way.
61.8%
around,
61.8%
day.
61.8%
give
61.8%
push
58.8%
turn
58.8%
feet
58.8%
ground
58.8%
brand
58.8%
new
58.8%
when
58.8%
when
58.8%
when
58.8%
When
58.8%
when
58.8%
when
58.8%
up
52.9%
up
52.9%
% Correct
don't.
52.9%
don't
52.9%
care.
52.9%
will
52.9%
care
52.9%
down.
50%
in
50%
in
50%
pick
47.1%
you're
47.1%
break
47.1%
can
47.1%
you're
47.1%
ready
47.1%
need
47.1%
them,
47.1%
They'll
44.1%
swallow
44.1%
pride
44.1%
other
44.1%
side.
44.1%
someone
44.1%
open
44.1%
world
44.1%
shoulders...
44.1%
tip.
44.1%
they're
44.1%
But
44.1%
something
41.2%
through
41.2%
you've
41.2%
walk
41.2%
park
41.2%
inside's
38.2%
got
38.2%
feel
38.2%
like
38.2%
flip.
38.2%
got
38.2%
or
38.2%
shot
38.2%
dark,
38.2%
even
35.3%

You're not logged in!

Compare scores with friends on all Sporcle quizzes.
Join for Free
OR
Log In

You Might Also Like...

Show Comments

Extras

Top Quizzes Today


Score Distribution

Your Account Isn't Verified!

In order to create a playlist on Sporcle, you need to verify the email address you used during registration. Go to your Sporcle Settings to finish the process.

Report this User

Report this user for behavior that violates our Community Guidelines.

Details: